000
00288nam a22001217a 4500
082
_a
005.44 MIL'U
100
_a
MILLER, MICHAEL
_9
68923
245
_a
USING WINDOWS 98 CLEAR CONCISE DEPENDABLE
260
_a
USA
_b
QUE
_c
1998
300
_a
371P
650
_a
WINDOWS 98
_9
75437
942
_c
BK
999
_c
580849
_d
580849